| 000 | 00648cam a22002173a 4500 | ||
|---|---|---|---|
| 001 | 32758 | ||
| 003 | PGUSA | ||
| 005 | 20140828083717.0 | ||
| 008 | 100609s2010||||xxu|||||s|||||000 | eng d | ||
| 040 |
_aPGUSA _beng |
||
| 042 | _adc | ||
| 050 | 4 | _aAE | |
| 245 | 1 | 0 |
_aEncyclopaedia Britannica, 11th Edition, Volume 8, Slice 6 : _b"Dodwell" to "Drama" _h[electronic resource] / _cVarious |
| 260 |
_bProject Gutenberg, _c2010 |
||
| 506 | _aPublic domain in the USA. | ||
| 516 | _aElectronic text | ||
| 653 | _aEncyclopedias and dictionaries | ||
| 830 | 0 |
_aProject Gutenberg _v32758 |
|
| 856 | 4 | 0 | _uhttp://www.gutenberg.org/ebooks/32758 |
| 942 | _cEB | ||
| 999 |
_c262013 _d262013 |
||